000 00842cab a2200229 4500
001 W5134
008 090401t1993 xxu||||| |||| 00| 0 eng d
035 _a(Sirsi) u70373
041 _aeng
245 _aArchitect`s mortgage valuation work
260 _c1993
350 _a0
490 _aArchitects` Journal
_v197(10) 9 June 1993, 6(1)
520 _aA campaign fighting the discrimination shown by mortgage lenders against architects carrying out valuation work has been boosted by the Monopolies and Mergers Commission decision to investigate the issue.
650 _aARCHITECT-SURVEYORS AND VALUERS CAMPAIGN
650 _aMONOPOLIES AND MERGERS COMMISSION
650 _aMORTGAGE LENDERS
650 _aMORTGAGE VALUATIONS
690 _aMANAGEMENT-BUSINESS MANAGEMENT-PROFESSIONAL PRACTICE
942 _n0
948 _c04/03/1997
999 _c44251
_d44251